000 00838nam a2200265Ia 4500
003 OSt
005 20220926015224.0
006 a|||||r|||| 00| 0
007 ta
008 220923b |||||||| |||| 00| 0 eng d
020 _a0195076516
037 _cGeneral Book
040 _aRTL
_cRTL
_beng
041 _2eng
_aeng
082 _aX9(J):(G:55), N3
100 _aCARLSON GERALD A AND OTHERS
_9321750
245 0 _aAgricultural and environmental resource economics
260 _aNew York
_bOxford University Press
_c1993
300 _aix, 528p
_ccm.
490 _aBiological Resource Management Series
500 _aBibliography chapterwise
650 _aAgriculturl Economics irt Environment
_9321751
942 _hX9(J):(G:55), N3
_cGB
_2CC
999 _c630791
_d630791